Statystyki dla Kształty państw do góry nogami #12

Kliknij tutaj aby rozwiązać quiz!

Ogólne statystyki

  • Ten quiz został rozwiązany 30 razy
  • Średni wynik to 9 z 14

Statystyki odpowiedzi

Odpowiedź% Poprawnych
Szwecja
92%
Korea Południowa
85%
Kamerun
81%
Albania
77%
Luksemburg
73%
Tadżykistan
65%
Togo
65%
Jamajka
62%
Armenia
58%
Gwinea
58%
Katar
50%
Dżibuti
46%
Palau
46%
Urugwaj
46%

Rozkład punktacji

Percentyl według liczby udzielonych odpowiedzi

Procent ludzi z każdym wynikiem

Twoja historia wyników

Nie rozwiązałeś tego quizu